000 00518nam a2200181Ia 4500
003 IN-BaIIA
008 211028s9999 xx 000 0 eng d
040 _cIIA Library
080 _a52
_bMAC
100 _aMacvey, John W
_94497
245 0 _aAlone in the universe?
_cJohn W. Macvey
260 _aNew York
_bMacmillan
_c1963
300 _aix, 273p.
650 _aAstronomy
_980
650 _aAstronomy and astrophysics thesaurus
650 _aUniverse
_91987
942 _cBK
999 _c2518
_d2518